| 000 | 00453nam a2200169 i 4500 | ||
|---|---|---|---|
| 001 | 85276 | ||
| 003 | ES-MaACL | ||
| 005 | 20230906175219.0 | ||
| 007 | t| | ||
| 008 | 041126s1920 xxu ||||1| eng d | ||
| 100 | 1 |
_aJordan, Edwin O. _966908 |
|
| 245 | 1 | 2 |
_aA text-book of general Bacteriolgy / _cby Edwin O. Jordan. |
| 250 | _a6th ed. | ||
| 260 |
_aPhiladelphia : _bW.B. Saunders, _c1920. |
||
| 300 |
_a691 p. ; _c24 cm. |
||
| 852 |
_aES-MaACL _jE-1498 |
||
| 999 |
_c85276 _d85276 |
||